书目信息 |
| 题名: |
环境保护行政许可听证实例与解析
|
|
| 作者: | 周珂 主编 | |
| 分册: | ||
| 出版信息: | 北京 中国环境科学出版社 2005 |
|
| 页数: | 322页 | |
| 开本: | 21cm | |
| 丛书名: | ||
| 单 册: | ||
| 中图分类: | D912.104 , D912.604 | |
| 科图分类: | ||
| 主题词: | 环境保护 , 行政许可法 , 环境保护--行政许可法--研究 | |
| 电子资源: | ||
| ISBN: | 7-80209-178-0 | |
| 000 | 00913nam0 2200253 450 | |
| 001 | 003000805 | |
| 005 | 20070805092320.68 | |
| 010 | @a7-80209-178-0@dCNY28.00 | |
| 100 | @a20051101d2005 em y0chiy0110 ea | |
| 101 | 0 | @achi |
| 102 | @aCN@b110000 | |
| 105 | @aa z 000yy | |
| 200 | 1 | @a环境保护行政许可听证实例与解析@9huan jing bao hu xing zheng xu ke ting zheng shi li yu jie xi@f周珂主编 |
| 210 | @a北京@c中国环境科学出版社@d2005 | |
| 215 | @a322页@c彩照@d21cm | |
| 330 | @a本书包括:公众参与环境保护听政在中国的实践、环境保护行政许可听证制度、国外环境保护行政(许可)听证及其相关法律制度选译、环境保护行政许可听证制度实践的若干方略及附录等共五部分内容。 | |
| 606 | 0 | @a环境保护 |
| 606 | 0 | @a行政许可法 |
| 606 | 0 | @a环境保护@x行政许可法@x研究 |
| 690 | @aD912.104@v4 | |
| 690 | @aD912.604@v4 | |
| 701 | 0 | @a周珂@9zhou ke@f(1954.1~)@4主编 |
| 801 | 0 | @aCN@bNLC@c20070805 |
| 905 | @a10447@dD912.604@e397 | |
| 环境保护行政许可听证实例与解析/周珂主编.-北京:中国环境科学出版社,2005 |
| 322页:彩照;21cm |
| ISBN 7-80209-178-0:CNY28.00 |
| 本书包括:公众参与环境保护听政在中国的实践、环境保护行政许可听证制度、国外环境保护行政(许可)听证及其相关法律制度选译、环境保护行政许可听证制度实践的若干方略及附录等共五部分内容。 |
| ● |
| 相关链接 |
|
|
|
|
正题名:环境保护行政许可听证实例与解析
索取号:D912.604/397
 
预约/预借
| 序号 | 登录号 | 条形码 | 馆藏地/架位号 | 状态 | 备注 |
| 1 | 0807538 | 208075385 | 第一样本阅览室/ [索取号:D912.604/397] | 在馆 | |
| 2 | 0807539 | 208075394 | 第一借阅区/ [索取号:D912.604/397] | 在馆 |